LEADER 01124nam2 22003013i 450 001 IEI0100309 005 20231121125507.0 010 $a8842103616 100 $a19961219d1996 ||||0itac50 ba 101 | $aita 102 $ait 181 1$6z01$ai $bxxxe 182 1$6z01$an 200 0 $a2$fdi Tullio Gregory 210 $aRoma [etc.]$cLaterza$d1996 215 $aXIV, 457 p.$d24 cm. 461 1$1001IEI0099312$12001 $aManuale di storia della filosofia$fF. Adorno, T. Gregory, V. Verra$v2 700 1$aGregory$b, Tullio$3CFIV013689$4070$047376 801 3$aIT$bIT-01$c19961219 850 $aIT-RM028 $aIT-RM0418 $aIT-FR0017 899 $aBiblioteca Universitaria Alessandrina$bRM028 899 $aBIBLIOTECA ACCADEMIA NAZ. DEI LINCEI E CORSINIANA$bRM0418 899 $aBiblioteca umanistica Giorgio Aprea$bFR0017 912 $aIEI0100309 950 2$aBiblioteca umanistica Giorgio Aprea$d 52MAG 2/11.2$e 52FSS0000074915 VMN RS $fA $h20130404$i20130404 977 $a 01$a 10$a 52 996 $a2$93607221 997 $aUNICAS